Najrzadziej zgadywane stolice Europy - Statystyki

Ogólne statystyki
  • Ten quiz został rozwiązany 31 razy
  • Średni wynik to 8 z 10
Statystyki odpowiedzi
% Stolica % Poprawnych
40 Kiszyniów
96%
36 Prisztina
85%
52 Reykjavik
85%
44 Valletta
85%
44 Vaduz
81%
42 Podgorica
74%
38 Skopje
74%
44 Belgrad
70%
40 Lublana
67%
54 Berno
63%
Nie znaleziono quizów pasujących do podanych kryteriów
Rozkład punktacji
Procent ludzi z każdym wynikiem
Percentyl według liczby udzielonych odpowiedzi
Twoja historia wyników
Nie rozwiązałeś tego quizu